Du divorce en droit romain
Guardado en:
| Autor principal: | |
|---|---|
| Autor Corporativo: | |
| Formato: | Libro |
| Lenguaje: | francés |
| Publicado: |
París
Arthur Rousseau
1885
|
| Materias: | |
| Etiquetas: |
Agregar Etiqueta
Sin Etiquetas, Sea el primero en etiquetar este registro!
|
MARC
| LEADER | 00000nam a2200000 a 4500 | ||
|---|---|---|---|
| 001 | UCR2740 | ||
| 003 | CL-VaPUC | ||
| 005 | 20240401121840.0 | ||
| 008 | 980116e18850000FR |||||||||||||||||fre|d | ||
| 999 | |c 265869 |d 265867 | ||
| 040 | |c Pontificia Universidad Católica de Valparaíso | ||
| 082 | 0 | 4 | |a 346.016 |b GHI |2 21 |
| 100 | 0 | |a Ghiacioiu, Pierre |e author |9 401064 | |
| 110 | 2 | |a Faculté de Droit de Paris |e author |9 401065 | |
| 245 | 1 | 0 | |a Du divorce en droit romain |
| 246 | 1 | 0 | |a De la séparation de corps en droit francais |
| 260 | |a París |b Arthur Rousseau |c 1885 | ||
| 300 | |a 178 p | ||
| 583 | |a last modification |c 19980116 00:00:00 |k Rodrigo Vera | ||
| 600 | 0 | |a Constantino |9 398355 | |
| 600 | 0 | |a Justiniano I |d 483-565 |9 858631 | |
| 650 | 0 | |a Divorcio |9 256204 | |
| 650 | 0 | |a Familias |9 255641 | |
| 650 | 7 | |a MATRIMONIO |2 CL-VaPUC |9 401066 | |
| 650 | 0 | |a Derecho romano |9 255930 | |
| 650 | 0 | |a Derecho francés |9 385145 | |
| 650 | 0 | |a Código civil |9 256135 | |
| 650 | 0 | |a Adulterio |9 320729 | |
| 650 | 7 | |a SEPARACION DE CUERPOS |2 CL-VaPUC |9 401067 | |
| 650 | 0 | |a Derecho comparado |9 255664 | |
| 651 | 0 | |a Francia |9 255157 | |
| 651 | 0 | |a Roma |9 255106 | |
| 852 | |a BIBCUR | ||
| 942 | |c BK |2 ddc | ||
| 945 | |d 19980116 00:00:00 |a cmena | ||
| 952 | |0 0 |1 0 |4 0 |6 346_016000000000000_GHI_1885 |7 0 |8 DER_HIS |9 296998 |a BIBDER |b BIBDER |d 2019-11-20 |i 1935895 |o 346.016 GHI 1885 |p 1935895 |r 2023-01-25 |w 2019-11-20 |x Ubicación 4to Piso |y BK |z Estos recursos deben solicitarse con anticipación |k DER | ||